|
|
|
|
| LEADER |
00000nam a2200000 a 4500 |
| 001 |
vtls010668964 |
| 003 |
SK-MaSNL |
| 005 |
20260301134658.0 |
| 008 |
160830s2014 xo oa g n 001 0 slo |
| 015 |
|
|
|a SNBA2015/05
|
| 020 |
|
|
|a 9788021600973 (brož.)
|
| 035 |
|
|
|a 4F838CB0-D7A2-49ED-9412-DAB08CC21660
|
| 035 |
|
|
|a urn:nbn:sk:snk-amkqqx
|
| 035 |
|
|
|a urn:nbn:sk:snk-am005buj
|
| 040 |
|
|
|a SNK
|b slo
|c SNK
|e AACR2
|
| 041 |
0 |
|
|a slo
|
| 043 |
|
|
|a e-xo---
|
| 044 |
|
|
|a xo
|c SK
|
| 072 |
|
7 |
|a 39
|x Etnológia. Etnografia. Folklór
|2 konspekt
|
| 072 |
|
7 |
|a 784
|x Vokálna hudba
|2 konspekt
|
| 080 |
|
|
|a 784.4(=162.4)
|2 2001
|
| 080 |
|
|
|a 78.085.7(437.6)
|2 2001
|
| 080 |
|
|
|a 793.31(437.6)
|2 2001
|
| 080 |
|
|
|a 39
|2 2001
|
| 080 |
|
|
|a (048.8)
|2 2001
|
| 100 |
1 |
|
|a Lehocký, Jozef
|4 aut
|4 com
|9 5539
|
| 245 |
1 |
0 |
|a Kraj medzi Nitrou a Váhom
|b ľudové spevné, tanečné a hudobné tradície, piesne a tance
|c Jozef Lehocký, Peter Obuch, Jana Zákopčanová
|
| 260 |
|
|
|a V Nitre
|b Krajské osvetové stredisko
|c 2014
|
| 300 |
|
|
|a 279 s.
|b fotogr., noty
|c 23 cm
|
| 366 |
|
|
|e 600 výt.
|
| 504 |
|
|
|a Bibliogr.: s. 279 ; bibliogr. odkazy ; pozn. ; reg. piesní ; zoz. informátorov a spevákov
|
| 650 |
0 |
7 |
|a slovenské ľudové piesne
|2 SNKPH
|9 3454
|
| 650 |
0 |
7 |
|a Slovak folk songs
|2 SNKPHeng
|9 286208
|
| 650 |
0 |
7 |
|a slovenské ľudové tance
|2 SNKPH
|9 67802
|
| 650 |
0 |
7 |
|a Slovak folk dances
|2 SNKPHeng
|9 331103
|
| 650 |
0 |
7 |
|a etnografia
|2 SNKPH
|9 950
|
| 650 |
0 |
7 |
|a Ethnography
|2 SNKPHeng
|9 265262
|
| 655 |
|
7 |
|a monografie
|2 SNKPH
|9 70139
|
| 655 |
|
7 |
|a Monographs
|2 SNKPHeng
|9 120675
|
| 700 |
1 |
|
|a Obuch, Peter
|4 aut
|9 329643
|
| 700 |
1 |
|
|a Zákopčanová, Jana
|4 aut
|9 274355
|
| 752 |
|
|
|a Slovensko
|d Nitra
|
| 919 |
|
|
|a 978-80-216-0097-3
|
| 958 |
|
|
|a OND
|
| 958 |
|
|
|a NB
|
| 999 |
|
|
|c 757739
|d 759669
|
| 952 |
|
|
|a SNK
|b SNK
|y PREZ
|7 0
|p 17A1156804
|o snkSC 164414
|i snk2015/13456
|8 0
|0 0
|1 0
|4 0
|d 2015-04-22
|f 1
|l 0
|r 2025-08-28 00:00:00
|w 2026-02-23
|
| 952 |
|
|
|a SNK
|b SNK
|y VYP
|7 0
|p 17A1156805
|o snkSC 164414 D1
|i snk2015/13457
|8 0
|0 0
|1 0
|4 0
|d 2015-04-22
|l 0
|r 2026-02-23 23:54:14
|w 2026-02-23
|